ARRUPE JESUIT UNIVERSITY

CORONAVIRUS -STOP THE SPREAD - CLEAN,DISINFECT,COVER

Paul's new moment : (Record no. 124361)

MARC details
000 -LEADER
fixed length control field 01679cam a2200373 a 4500
001 - CONTROL NUMBER
control field 8238849
003 - CONTROL NUMBER IDENTIFIER
control field ARRUPE
005 - DATE AND TIME OF LATEST TRANSACTION
control field 20160315113849.0
008 - FIXED-LENGTH DATA ELEMENTS--GENERAL INFORMATION
fixed length control field 100608s2010 miu b 001 0 eng
010 ## - LIBRARY OF CONGRESS CONTROL NUMBER
LC control number 2010023576
020 ## - INTERNATIONAL STANDARD BOOK NUMBER
International Standard Book Number 9781587432279 (pbk.)
020 ## - INTERNATIONAL STANDARD BOOK NUMBER
International Standard Book Number 1587432277 (pbk.)
024 ## - OTHER STANDARD IDENTIFIER
Standard number or code 99940305005
035 ## - SYSTEM CONTROL NUMBER
System control number (OCoLC)ocn555629714
035 ## - SYSTEM CONTROL NUMBER
System control number (NNC)8238849
040 ## - CATALOGING SOURCE
Original cataloging agency DLC
Transcribing agency DLC
Modifying agency BTCTA
-- YDXCP
-- XBE
-- N#Z
-- C#P
050 00 - LIBRARY OF CONGRESS CALL NUMBER
Classification number BR100
Item number .M49 2010
082 00 - DEWEY DECIMAL CLASSIFICATION NUMBER
Classification number 261.5/1
Edition number 22
300 ## - PHYSICAL DESCRIPTION
Dimensions 23 cm.
100 1# - MAIN ENTRY--PERSONAL NAME
Personal name Milbank, John.
9 (RLIN) 12793
245 10 - TITLE STATEMENT
Title Paul's new moment :
Remainder of title continental philosophy and the future of Christian theology /
Statement of responsibility, etc John Milbank, Slavoj Žižek, Creston Davis ; with Catherine Pickstock.
260 ## - PUBLICATION, DISTRIBUTION, ETC. (IMPRINT)
Place of publication, distribution, etc Grand Rapids, Mich. :
Name of publisher, distributor, etc Brazos,
Date of publication, distribution, etc c2010.
300 ## - PHYSICAL DESCRIPTION
Extent ix, 244 p. ;
504 ## - BIBLIOGRAPHY, ETC. NOTE
Bibliography, etc Includes bibliographical references and indexes.
505 0# - FORMATTED CONTENTS NOTE
Formatted contents note On Paul. Paul against biopolitics / John Milbank -- Paul and the truth event / Slavoj Žižek -- Paul and subtraction / Creston Davis -- On the liturgy. Liturgy and the senses / Catherine Pickstock -- Subtractive liturgy / Creston Davis -- A meditation of Michelangelo's Christ on the Cross / Slavoj Žižek -- On mediation and apocalypse. Thinking backward: predestination and apocalypse / Slavoj Žižek -- The return of mediation / John Milbank.
650 #0 - SUBJECT ADDED ENTRY--TOPICAL TERM
Topical term or geographic name as entry element Christianity
General subdivision Philosophy.
9 (RLIN) 22892
650 #0 - SUBJECT ADDED ENTRY--TOPICAL TERM
Topical term or geographic name as entry element Philosophy and religion.
9 (RLIN) 22893
650 #0 - SUBJECT ADDED ENTRY--TOPICAL TERM
Topical term or geographic name as entry element Continental philosophy.
9 (RLIN) 22894
650 #0 - SUBJECT ADDED ENTRY--TOPICAL TERM
Topical term or geographic name as entry element Philosophical theology.
9 (RLIN) 22895
700 1# - ADDED ENTRY--PERSONAL NAME
Personal name Žižek, Slavoj.
9 (RLIN) 22896
700 1# - ADDED ENTRY--PERSONAL NAME
Personal name Davis, Creston.
9 (RLIN) 22897
942 ## - ADDED ENTRY ELEMENTS (KOHA)
Source of classification or shelving scheme Library of Congress Classification
Koha item type Monograph ( Printed materials)
948 1# - LOCAL PROCESSING INFORMATION (OCLC); SERIES PART DESIGNATOR (RLIN)
Series part designator, SPT (RLIN) 20110105
b (OCLC) c
c (OCLC) rad1
d (OCLC) MPS
Holdings
Withdrawn status Lost status Source of classification or shelving scheme Damaged status Not for loan Collection code Home library Current library Shelving location Date acquired Total Checkouts Full call number Barcode Date last seen Price effective from Koha item type
    Library of Congress Classification     Main Collection ARRUPE LIBRARY ARRUPE LIBRARY Main Collection 15/03/2016   BR100 .M49 2010 46500006679 15/11/2016 15/03/2016 Monograph ( Printed materials)

 

Arrupe Library. PO Box MP320 Mt Pleasant, Harare, Zimbabwe
263 242 745411|librarian@aju.ac.zw